000 00642nam a22002417a 4500
001 27231
003 UA-OsUOA
005 20220626232340.0
007 ta
008 20040621b un ||||| |||| 00| 0 ukr d
020 _a5-8297-0146-4
040 _aUA-OsUOA
_brus
_cUA-OsUOA
_dUA-OsUOA
041 _arus
044 _aRU
080 _a81'38(075.8)
090 _a81'38(075.8)
_bС85
245 _aСтилистика и литературное редактирование
_cред. В. И. Максимов
260 _aМосква
_bГардарики
_c2004
300 _a651 с.
650 7 _2UDC
942 _cBK
_2udc
955 _a0
999 _c313574
_d313574